Plane Pals (Record no. 120849)

MARC details
000 -LÍDER
campo de controle de tamanho fixo 00999 a2200241 4500
001 - NÚMERO DE CONTROLE
campo de controle 120849
020 ## - ISBN - INTERNATIONAL STANDARD BOOK NUMBER
ISBN - International Standard Book Number 9780736430500
040 ## - FONTE DA CATALOGAÇÃO
Instituição que transcreveu o registro Escola Canadense de Niteroi
090 ## - NÚMERO DE CHAMADA LOCAL
Número de chamada (OCLC) (R); Número de chamada, CALL (RLIN) (NR) BER
100 ## - ENTRADA PRINCIPAL--NOME PESSOAL
Nome pessoal Berrios, Frank
245 10 - TÍTULO
Título Plane Pals
260 ## - PUBLICAÇÃO, DISTRIBUIÇÃO, ETC.
Local de publicação, distribuição, etc. United States
300 ## - DESCRIÇÃO FÍSICA
Extensão 31 p.
Dimensões 9 x 0.38 x 22.86 cm (paperback)
362 0# - DATAS DE PUBLICAÇÃO E/OU DESIGNAÇÃO SEQUENCIAL
Datas de publicação e/ou designação sequencial 2014
490 0# - TÍTULO DA SÉRIE
Título da série Step into reading
520 ## - NOTA DE RESUMO, ETC
Resumo, etc. Disney Planes follows Dusty Crophopper, a big-hearted, speed-loving crop duster who dreams of competing in the toughest and most exhilarating around-the-world air race in history. With the support of friends old and new, Dusty reaches heights he never dreamed possible—and in the process, gives a world the inspiration to soar. Children ages 4 to 6 who like Disney/Pixar's Cars will love this Step 1 leveled reader based on the film.
650 #4 - ASSUNTO--TERMO TÓPICO
Cabeçalho tópico ou nome geográfico Friendship
650 #4 - ASSUNTO--TERMO TÓPICO
Cabeçalho tópico ou nome geográfico Kindergarten's Literature
650 #4 - ASSUNTO--TERMO TÓPICO
Cabeçalho tópico ou nome geográfico Airplanes
650 #4 - ASSUNTO--TERMO TÓPICO
Cabeçalho tópico ou nome geográfico Beginner Readers
650 #4 - ASSUNTO--TERMO TÓPICO
Cabeçalho tópico ou nome geográfico People & Places
942 ## - ELEMENTOS DE ENTRADA ADICIONADOS (KOHA)
Tipo de material Koha Livros
Holdings
Situação do descarte Situação das perdas Situação física Não pode ser emprestado Biblioteca de origem Biblioteca atual Data de aquisição Total de empréstimos Número de chamada completo Código de barras Data de último acesso Data do último empréstimo Data do preço efetivo Tipo de material Koha
        Canadian School of Niterói - Itacoatiara Canadian School of Niterói - Itacoatiara 09/02/2024 3 BER A31211 13/03/2024 07/03/2024 09/02/2024 Livros